000 00708cam a2200241 a 4500
005 20260322212008.0
008 data
010 _a 90085467
020 _a0836218698 :
_c{dollar}7.95 ({dollar}10.95 Can.)
020 _a9780836218695 :
_c{dollar}7.95 ({dollar}10.95 Can.)
040 _aDLC
_cDLC
_dDLC
042 _alcac
050 0 0 _aPN6728.F64
_bA43 1991
082 0 0 _a741.5/973
_220
099 _aAMENDB
100 1 _aAmend, Bill.
240 1 0 _aFoxTrot.
_kSelections
245 1 0 _aBlack Bart says draw :
_ba Fox Trot collection /
_cBill Amend.
260 _aKansas City, Mo. :
_bAndrews and McMeel,
_cc1991.
300 _a127 P. :
_bchiefly ill. ;
_c23 cm.
650 1 _aCartoons and comics.
001 data
999 _c142
_d142